Statistics for Capitals Ending with Double Consonants

Click here to take the quiz!

General Stats

  • This quiz has been taken 100 times
  • The average score is 16 of 22

Answer Stats

Answer% Correct
Athens
86%
Bucharest
85%
Budapest
83%
Brussels
82%
Bern
80%
Stockholm
78%
Beijing
77%
Tallinn
77%
Minsk
74%
Bridgetown
72%
Freetown
72%
Kingstown
72%
Pyongyang
72%
Georgetown
71%
Riyadh
71%
Luxembourg
68%
Cape Town
66%
Tashkent
65%
Algiers
62%
Nouakchott
60%
Phnom Penh
58%
Saint John's
58%

Score Distribution

Percentile by Number Answered

Percent of People with Each Score

Your Score History

You have not taken this quiz